| 000 | 01540nam0a2200325 4500 | ||
|---|---|---|---|
| 001 | RU\NLR\bibl\57404 | ||
| 005 | 20260407062856.0 | ||
| 010 |
_a5-7645-0087-7 _9500 |
||
| 021 |
_aRU _b98-41899 _92015 |
||
| 035 | _a(NLR Aleph) 000055985 | ||
| 090 |
_a302597 _c302597 |
||
| 100 | _a19991109d1998 |||y0rusy50 ca | ||
| 101 | 0 | _arus | |
| 102 | _aRU | ||
| 105 | _ay ||||||||| | ||
| 200 | 1 |
_aПрограмма курса медицинской терминологии для работников медицинских библиотек _fРесп. мед. библ.-информ. центр М-ва здравоохранения Респ. Татарстан _g[Сост. Ю.Н. Дрешер] |
|
| 210 |
_aКазань _cМедицина _d1998 |
||
| 215 |
_a131, [1] с. _d20 |
||
| 320 | _aБиблиогр. в конце разд. | ||
| 606 | 0 |
_aБиблиотечное дело _xКадры _xПовышение квалификации _92080846 _3RU\NLR\auth\661256798 |
|
| 686 | _aЧ489.564(2)78 | ||
| 686 | _aЧ73р7 | ||
| 702 | 1 |
_4070 _8rus _7ca _aДрешер _bЮ. Н. _f1953- _gЮлия Николаевна _3RU\NLR\AUTH\7713119 _9122820 |
|
| 712 | 0 | 2 |
_4570 _aТатарский республиканский медицинский библиотечно-информационный центр _cКазань _3RU\NLR\AUTH\889917964 _9332071 |
| 801 | 0 |
_aRU _bNLR _c19991109 _gPSBO |
|
| 801 | 1 |
_aRU _bNLR _c19991109 |
|
| 852 |
_aNLR _j99-3/13888 |
||
| 942 | _cBOOK | ||
| 980 | _aNB | ||